Café de artistas y otros papeles volanderos / (Registro nro. 8813)

Detalles MARC
000 -LIDER
fixed length control field 00745nam a22002417a 4500
001 - NÚMERO DE CONTROL
Identificador de número de control 20420
003 - IDENTIFICACDOR DE NÚMERO DE CONTROL
control field DO-SdBNP
005 - DATE AND TIME OF LATEST TRANSACTION
control field 20180118073755.0
007 - CAMPOS FIJOS DE DESCRIPCIÓN FÍSICA
fixed length control field 20420
008 - ELEMENTOS DE LONGITUD FIJA
fixed length control field 930607s1993 sp | |||| ||spa
016 7# - NO. DE CONTROL DE LA AGENCIA BIB. NACIONAL
Source BPMSU
020 ## - ISBN
International Standard Book Number 8481300047
040 ## - FUENTE DE CATALOGACIÓN
Agencia que crea de manera original el registro BPMSU
Idioma de catalogación spa
Agencia que realiza la transcripción BPMSU
100 1# - ASIENTO PRINCIPAL -- NOMBRE PERSONAL
Nombre personal Cela, Camilo José
Fechas asociadas con el nombre 1916-2002
245 10 - MENCIÓN DE TITULO
Título Café de artistas y otros papeles volanderos /
Mención de responsabilidad Camilo José Cela
260 ## - PUBLICACIÓN, DISTRIBUCIÓN, ETC. (PIE DE IMPRENTA)
Lugar de publicación, distribución, etc Barcelona :
Nombre del editor, distribuidor, etc. Primera Plana,
Fecha de publicación, distribución, etc 1993
300 ## - DESCRIPCIÓN FÍSICA
Extensión 95 p.:
Dimensiones 21 cm,
490 ## - MENCIÓN DE SERIES
Mención de serie Grandes autores. Biblioteca de literatura universal
Volume/sequential designation 3
830 ## - ASIENTO SECUNDARIO DE SERIE--TÍTULO UNIFORME
Nombre de la parte o sección de una obra Grandes autores. Biblioteca de literatura universal
Volume number/sequential designation 3
942 ## - ADDED ENTRY ELEMENTS (KOHA)
Source of classification or shelving scheme Dewey Decimal Classification
Koha item type Libros
945 ## - INFORMACIÓN DE PROCESAMIENTO LOCAL
Información de procesamiento local inventariado, 2018 / dg
956 ## - LOCAL ELECTRONIC LOCATION AND ACCESS (OCLC)
Método de acceso VMATEO
Materiales especificados 10
Enlace 20151119
Campo enlazado y núm. de secuencia BPMSU
Nombre de host 00151
Existencias
Withdrawn status Lost status Source of classification or shelving scheme Damaged status Not for loan Home library Current library Date acquired Source of acquisition Total Checkouts Barcode Date last seen Price effective from Koha item type
    Dewey Decimal Classification     Biblioteca Pública Metropolitana Salomé Ureña Biblioteca Pública Metropolitana Salomé Ureña 11/19/2015 FUNDI   BPMSU15110382 11/19/2015 11/19/2015 Libros